Póliticas sociales para el crecimiento con equidad : Chile 1990-2002 /

Chile introdujo a partir de 1990 una estrategia de crecimiento con equidad. La política de gasto social ocupa un lugar central en esa estrategía. En este documento se hace un recuento de los aspectos destacados y distintivos de esa política, enfatizando los aspectos que tienen que ver con la asignac...

Full description

Bibliographic Details
Main Author: Arellano, José Pablo
Format: Libro
Language:English
Published: Santiago, Chile CIEPLAN 2005
Series:Serie estudios socio/económicos no. 26
Subjects:

MARC

LEADER 00000cam a2200000 a 4500
001 012479
003 UAHC_CL
005 20170803120919.0
008 050905b xx j 000 1 eng
040 |a UAHC_CL  |c UAHC_CL  |d UAHC_CL 
100 1 |a Arellano, José Pablo 
245 1 0 |a Póliticas sociales para el crecimiento con equidad :  |b Chile 1990-2002 /  |c José Pablo Arellano M. 
260 |b CIEPLAN  |c 2005  |a Santiago, Chile 
300 |a 44 p. 
490 0 |a Serie estudios socio/económicos  |v no. 26 
520 |a Chile introdujo a partir de 1990 una estrategia de crecimiento con equidad. La política de gasto social ocupa un lugar central en esa estrategía. En este documento se hace un recuento de los aspectos destacados y distintivos de esa política, enfatizando los aspectos que tienen que ver con la asignación de los recursos, la relación existente entre las políticas fiscal, social y macroeconómica. 
651 4 |a CHILE  |x POLITICAS SOCIALES  |y 1990-2002 
653 |a CIENCIAS POLITICAS 
653 |a ADMINISTRACION PUBLICA 
900 |a 361.25 ARE 
942 |c BK 
952 |0 0  |1 0  |4 0  |6 361_250000000000000_ARE  |7 0  |8 General  |9 25362  |a BC  |b BC  |c General  |d 2017-08-03  |l 0  |o 361.25 ARE  |p 1349602  |r 2026-01-13 00:00:00  |t 1  |w 2017-08-03  |y BK 
999 |c 12479  |d 12479